[Event "UK-ch Blitz"]
[Site "Leamington Spa"]
[Date "2022.12.03"]
[Round "10"]
[White "Camacho Collados, Jose"]
[Black "Tahmankar, Mandar"]
[Result "1-0"]
[WhiteElo "2280"]
[BlackElo "2097"]
[PlyCount "66"]
[EventDate "2022.12.03"]
[EventType "tourn (blitz)"]
[EventRounds "15"]
[EventCountry "ENG"]
[SourceTitle "CBM 211 Extra"]
[Source "ChessBase"]
[SourceDate "2023.01.31"]
[SourceVersion "1"]
[SourceVersionDate "2023.01.31"]
[SourceQuality "1"]

1. Nf3 d5 2. d4 Nf6 3. Bg5 g6 4. Bxf6 exf6 5. e3 Be7 6. c4 c6 7. Nc3 0-0 8. cxd5 cxd5 9. Qb3 Nc6 10. Qxd5 Qb6 11. Qb5 Nb4 12. Qxb6 axb6 13. Kd2 Be6 14. a3 f5 15. Be2 Nc6 16. Rhd1 Bb3 17. Rdc1 Rfd8 18. Ke1 f4 19. Nd2 Na5 20. Nb5 fxe3 21. fxe3 Bg5 22. Rc3 Bd5 23. Nc7 Rab8 24. Nxd5 Rxd5 25. Nf3 Bh6 26. e4 Rd7 27. d5 Re8 28. Bd3 Rde7 29. Kf2 Bg7 30. Rc2 Nb3 31. Rd1 Nd4 32. Nxd4 Bxd4+ 33. Kf3 Re5 1-0

[Event "UK-ch Blitz"]
[Site "Leamington Spa"]
[Date "2022.12.03"]
[Round "8"]
[White "Gormally, Daniel"]
[Black "Tahmankar, Mandar"]
[Result "1-0"]
[WhiteElo "2553"]
[BlackElo "2097"]
[PlyCount "43"]
[EventDate "2022.12.03"]
[EventType "tourn (blitz)"]
[EventRounds "15"]
[EventCountry "ENG"]
[SourceTitle "CBM 211 Extra"]
[Source "ChessBase"]
[SourceDate "2023.01.31"]
[SourceVersion "1"]
[SourceVersionDate "2023.01.31"]
[SourceQuality "1"]

1. d4 Nf6 2. Bg5 e6 3. e4 Be7 4. e5 Nd5 5. Bxe7 Nxe7 6. Qg4 0-0 7. Bd3 f5 8. exf6 Rxf6 9. Nf3 d6 10. Nbd2 Nbc6 11. Qh4 Ng6 12. Qh5 Nb4 13. Ne4 Nxd3+ 14. cxd3 Rf5 15. Nfg5 Nf8 16. g4 Rb5 17. Qf7+ Kh8 18. Rc1 Bd7 19. f4 a6 20. 0-0 h6 21. f5 hxg5 22. f6 1-0

[Event "UK-ch Blitz"]
[Site "Leamington Spa"]
[Date "2022.12.03"]
[Round "11"]
[White "Tahmankar, Mandar"]
[Black "Willow, Jonah B"]
[Result "0-1"]
[WhiteElo "2097"]
[BlackElo "2300"]
[PlyCount "59"]
[EventDate "2022.12.03"]
[EventType "tourn (blitz)"]
[EventRounds "15"]
[EventCountry "ENG"]
[SourceTitle "CBM 211 Extra"]
[Source "ChessBase"]
[SourceDate "2023.01.31"]
[SourceVersion "1"]
[SourceVersionDate "2023.01.31"]
[SourceQuality "1"]

1. d4 Nf6 2. c4 e6 3. Nf3 d5 4. g3 dxc4 5. Bg2 Bb4+ 6. Nc3 0-0 7. 0-0 c6 8. Ne5 Nbd7 9. Nxc4 Nb6 10. Ne5 Nfd7 11. Nd3 Bd6 12. e4 e5 13. d5 cxd5 14. exd5 Nf6 15. Bg5 Bf5 16. f4 Bxd3 17. Qxd3 exf4 18. Bxf4 Bxf4 19. Rxf4 Qd6 20. Raf1 Nbd7 21. Bh3 Qb6+ 22. Kh1 Ne5 23. Qe2 Ng6 24. Rxf6 gxf6 25. Ne4 Rae8 26. Qf3 Rxe4 27. Qxe4 Qxb2 28. d6 Rd8 29. d7 Kg7 30. a4 0-1

[Event "Singapore Masters 4th"]
[Site "Singapore"]
[Date "2007.12.17"]
[Round "1"]
[White "Li, Ruofan"]
[Black "Tahmankar, Mandar"]
[Result "1-0"]
[WhiteElo "2417"]
[BlackElo "2141"]
[PlyCount "99"]
[EventDate "2007.12.17"]
[EventType "swiss"]
[EventRounds "9"]
[EventCountry "SIN"]
[SourceTitle "CBM 121 Extra"]
[Source "ChessBase"]
[SourceDate "2008.01.10"]
[SourceVersion "1"]
[SourceVersionDate "2008.01.10"]
[SourceQuality "1"]

1. d4 Nf6 2. c4 g6 3. Nc3 d5 4. Bg5 Ne4 5. Bh4 Nxc3 6. bxc3 Bg7 7. cxd5 Qxd5 8. e3 c5 9. Qf3 Qxf3 10. Nxf3 cxd4 11. cxd4 Nc6 12. Rb1 a6 13. a4 Na5 14. Bd3 Bd7 15. Be4 Bxa4 16. Ra1 Bc6 17. Nd2 Bxe4 18. Nxe4 b6 19. Ke2 h6 20. Rhb1 f5 21. Rxb6 g5 22. Nd2 0-0 23. Bg3 f4 24. Rxa5 fxg3 25. hxg3 Rf6 26. Rxf6 exf6 27. Ne4 Re8 28. Kd3 Re6 29. Nc5 Rb6 30. Rxa6 Rb2 31. Ra8+ Kf7 32. Ra7+ Kg6 33. g4 Rxf2 34. Ne6 f5 35. gxf5+ Kxf5 36. Nxg7+ Kg6 37. g4 Rg2 38. d5 Rg1 39. Ne8 h5 40. Ra6+ Kf7 41. Nd6+ Ke7 42. Nf5+ Ke8 43. gxh5 g4 44. Rg6 Rh1 45. Rxg4 Kf7 46. h6 Kf6 47. Ke4 Ra1 48. h7 Rh1 49. Nh4 Rxh4 50. Rxh4 1-0